| 000 | 00710nam a2200229 a 4500 | ||
|---|---|---|---|
| 999 |
_c1150 _d1150 |
||
| 001 | 1150 | ||
| 003 | BD-JhCC | ||
| 005 | 20171016123406.0 | ||
| 008 | 171015s1999 bg |||| |||| 00| 0 ben d | ||
| 020 | _a9845600646 | ||
| 035 | _a(BD-JhCC)1150 | ||
| 040 |
_aBD-JhCC _dBD-JhCC |
||
| 041 | _aben | ||
| 082 |
_223 _a155 _bCHO 1999 |
||
| 100 | _aচৌধুরী, এজাজুল হক | ||
| 245 |
_aমানবিক উন্নয়ন / _cএজাজুল হক চৌধুরী |
||
| 260 |
_bজাতীয় গ্রন্থ প্রকাশনী, _c1999 |
||
| 300 |
_a95 p. : _c21 cm |
||
| 650 |
_aDevelopmental psychology. _xHuman Development |
||
| 942 |
_2ddc _cBK |
||